Catálogo - Centro de Recursos para el Aprendizaje y la Investigación

Volver al Sitio - CRAI Biblioteca

Correspondencia política de Manuel María Gautier en el exilio / (Registro nro. 113462)

Detalles MARC
000 -CABECERA
campo de control de longitud fija 01605nam a2200301 4500
001 - NÚMERO DE CONTROL
campo de control 113462
003 - IDENTIFICADOR DEL NÚMERO DE CONTROL
campo de control DR-UNIBE
005 - FECHA Y HORA DE LA ÚLTIMA TRANSACCIÓN
campo de control 20250428133700.0
008 - DATOS DE LONGITUD FIJA--INFORMACIÓN GENERAL
campo de control de longitud fija 250421b2024 dr ||||| |||| 00| 0 spa d
020 ## - NÚMERO INTERNACIONAL ESTÁNDAR DEL LIBRO
Número Internacional Estándar del Libro 9789945251074
040 ## - FUENTE DE LA CATALOGACIÓN
Centro catalogador/agencia de origen BIBLIOTECA UNIBE
Lengua de catalogación spa
Centro/agencia transcriptor BIBLIOTECA UNIBE
Normas de descripción rda
041 ## - CÓDIGO DE LENGUA
Código de lengua del texto/banda sonora o título independiente spa
082 ## - NÚMERO DE LA CLASIFICACIÓN DECIMAL DEWEY
Número de edición 22
Número de clasificación RD 866.3 G277c
100 10 - ENTRADA PRINCIPAL--NOMBRE DE PERSONA
Nombre de persona Gautier, Manuel María
Fechas asociadas al nombre 1830-1897
9 (RLIN) 194412
Término indicativo de función/relación autor
245 10 - MENCIÓN DE TÍTULO
Título Correspondencia política de Manuel María Gautier en el exilio /
Mención de responsabilidad, etc. Manuel María Gautier ; investigación, transcripción y cuidado de edición: Andrés Blanco Díaz ; diagramación y diseño de portada: Editorial Santuario; digitación: Pedro Blanco Díaz
250 ## - MENCIÓN DE EDICIÓN
Mención de edición Primera edición
260 ## - PUBLICACIÓN, DISTRIBUCIÓN, ETC.
Lugar de publicación, distribución, etc. Santo Domingo :
Nombre del editor, distribuidor, etc. Archivo General de la Nación (AGN),
Fecha de publicación, distribución, etc. 2024
300 ## - DESCRIPCIÓN FÍSICA
Extensión 264 páginas :
Otras características físicas fotos b/n ;
Dimensiones 22 x 15 cm
490 ## - MENCIÓN DE SERIE
Mención de serie Archivo General de la Nación ;
Designación de volumen o secuencia 512
500 ## - NOTA GENERAL
Nota general Información sobre el autor en las solapas. Portada: fotografía de Manuel María Gautier publicada en el libro "Siluetas" de Miguel Ángel Garrido, colección de José Gabriel García
600 #7 - PUNTO DE ACCESO ADICIONAL DE MATERIA--NOMBRE DE PERSONA
Fuente del encabezamiento o término lemb
Nombre de persona Gautier, Manuel María, 1830-1897
Título de la obra Correspondencia
9 (RLIN) 194413
600 #7 - PUNTO DE ACCESO ADICIONAL DE MATERIA--NOMBRE DE PERSONA
Fuente del encabezamiento o término lemb
Nombre de persona Gautier, Manuel María, 1830-1897
Subdivisión general Exilio
-- Cartas
9 (RLIN) 194414
650 #7 - PUNTO DE ACCESO ADICIONAL DE MATERIA--TÉRMINO DE MATERIA
Fuente del encabezamiento o término lemb
Término de materia o nombre geográfico como elemento de entrada Correspondencia política
Subdivisión general Exilio
Subdivisión cronológica Siglo XIX
Subdivisión geográfica Republica Dominicana
9 (RLIN) 194618
700 10 - PUNTO DE ACCESO ADICIONAL--NOMBRE DE PERSONA
Nombre de persona Blanco Díaz, Andrés,
Fechas asociadas al nombre 1954-
9 (RLIN) 144547
Término indicativo de función/relación investigador
-- transcriptor
-- editor
700 10 - PUNTO DE ACCESO ADICIONAL--NOMBRE DE PERSONA
Nombre de persona Blanco Díaz, Pedro
9 (RLIN) 194408
Término indicativo de función/relación digitador
710 10 - PUNTO DE ACCESO ADICIONAL--NOMBRE DE ENTIDAD CORPORATIVA
Nombre de entidad corporativa o nombre de jurisdicción como elemento de entrada Editorial Santuario
9 (RLIN) 165984
Término indicativo de función/relación diagramador
-- diseñador de portada
942 ## - ELEMENTOS DE PUNTO DE ACCESO ADICIONAL (KOHA)
Fuente del sistema de clasificación o colocación Sistema de Clasificación Decimal Dewey
Tipo de ítem Koha Libro (general)
Existencias
Estado de retiro Estado de pérdida Fuente del sistema de clasificación o colocación No para préstamo Código de colección Localización permanente Fecha de adquisición Total de préstamos Signatura topográfica completa Código de barras Fecha visto por última vez Número de copia Precio válido a partir de Tipo de ítem Koha
  Disponible Sistema de Clasificación Decimal Dewey   General - Libros dominicanos Biblioteca Central UNIBE 28/04/2025   RD 866.3 G277c 250444 21/04/2025 Ej. 1 21/04/2025 Libro (general)
  Disponible Sistema de Clasificación Decimal Dewey   General - Libros dominicanos Biblioteca Central UNIBE 28/04/2025   RD 866.3 G277c 250445 21/04/2025 Ej. 2 21/04/2025 Libro (general)